Statistiques concernant Quelle capitale asiatique ?

Cliquez ici pour prendre le quiz!

Statistiques générales

  • Ce quiz a été pris 4 366 fois
  • Le résultat moyen est 10 sur 20

Statistiques - réponses

IndiceCapitale% Correct
Est complétement ravagée dans le film "Godzilla"Tokyo
89%
Seule ville à avoir accueilli à la fois les jeux olympiques d'été et d'hiverPekin
85%
Située à seulement à 50km au sud de la zone démilitariséeSéoul
83%
En août 2024, cette ville cessera d'être la capitale de son pays, le gouvernement déménagera dans une ville située sur l'île de BornéoJakarta
64%
Troisième ville la plus sacrée dans l'Islam après La Mecque et MédineJérusalem
62%
Les troupes Américaines ont abandonné cette ville dans la précipitation en 2021Kaboul
60%
Son nom signifie "ville de l'Islam"Islamabad
55%
Située à environ à 75 km au nord de BabyloneBagdad
54%
Des défilés y sont fréquemment organisés où les missiles balistiques intercontinentaux sont l'attraction vedettePyongyang
53%
Ville méditerranéenne autrefois connue sous le nom de "Paris du Moyen-Orient"Beyrouth
51%
Ses tours Petronas ont été les plus hauts bâtiments du monde de 1998 à 2004.Kuala Lumpur
50%
La capitale la plus froide du monde, fondée à l'origine comme un temple bouddhiste nomade. Elle s'est fixée de façon permanente 1778 après 28 déménagementsOulan-Bator
47%
A été sous domination Espagnole, Américaine et JaponaiseManille
43%
On y trouve des hôtels de luxe tels le Yak & Yeti, l'Everest, et le Shangri-LaKatmandou
40%
Se situe au milieu du troisième plus grand désert chaud du mondeRiyad
30%
Vous pouvez y trouver le mémorial de Tchang-Kaï-chekTaipei
29%
Ville en quatre lettres dont la dernière est un iDili
27%
A été sous occupation étrangère de 1990 à 1991Koweit
26%
Était la capitale du califat Omeyyade, de 661 à 750Damas
25%
Roosevelt, Staline et Churchill s'y sont rencontrés en 1943 pour parler de la stratégie de la guerreTéhéran
17%

Distribution des résultats

Percentile par nombre de réponses

% des personnes avec chaque résultat

Votre développement - résultats

Vous n’avez pas pris ce quiz